000 00940naa a2200217 i 4500
001 43726
003 ES-MaBCM
005 20241016104621.0
008 961030s1996 esp 000 0 spa d
021 _axx
035 _a(OCoLC)1365182982
040 _cES-MaBCM
041 0 _aspa
043 _aesp
100 1 _aSanz Cerezo, María Rosa
_942611
245 1 4 _aLos contratos de consultoría, servicios, asistencia y trabajos especiales y concretos no habituales en la nueva Ley 13/1995, de 18 de mayo, de contratos de las administraciones públicas
_b: especial consideración en torno a la naturaleza jurídica del contratista en el contrato de trabajos específicos y concretos no habituales
_cMaría Rosa Sanz Cerezo
650 2 7 _aContratación administrativa
_958095
651 2 4 _aEspaña
_9115342
773 0 _aEn:
_tRevista xurídica galega
_dVigo : 1996
_w104940
_gn. 12, 1º cuatrimestre, p. 367-383. - Loc. S.399
942 _cAREV
999 _c43726
_d43726